Policy and politics in nursing health care. / (Record no. 6824)
[ view plain ]
| 000 -LEADER | |
|---|---|
| fixed length control field | 00904nam a22001937a 4500 |
| 008 - FIXED-LENGTH DATA ELEMENTS--GENERAL INFORMATION | |
| fixed length control field | 190729b xxu||||| |||| 00| 0 eng d |
| 020 ## - INTERNATIONAL STANDARD BOOK NUMBER | |
| International Standard Book Number | 978032324241 |
| 050 ## - LIBRARY OF CONGRESS CALL NUMBER | |
| Classification number | RT86.5.P58 |
| 100 ## - MAIN ENTRY--PERSONAL NAME | |
| Personal name | Mason, Diana J. |
| 245 ## - TITLE STATEMENT | |
| Title | Policy and politics in nursing health care. / |
| Statement of responsibility, etc. | Diana J. Mason et al. |
| 250 ## - EDITION STATEMENT | |
| Edition statement | 6th ed. |
| 260 ## - PUBLICATION, DISTRIBUTION, ETC. | |
| Place of publication, distribution, etc. | New York: |
| Name of publisher, distributor, etc. | Elsevier Saunders, |
| Date of publication, distribution, etc. | 2014. |
| 300 ## - PHYSICAL DESCRIPTION | |
| Extent | xxxii, 793 p. : |
| Other physical details | ill. ; |
| Dimensions | 24 cm. |
| 500 ## - GENERAL NOTE | |
| General note | Includes index. |
| 505 ## - FORMATTED CONTENTS NOTE | |
| Formatted contents note | Contents: Introduction to policy and politics in nursing and heath care -- Health care delivery and financing -- Policy and politics in research and nursing science -- Policy and politics in the workplace and workforce -- Policy and politics in the government -- Policy and politics in associations and interest groups -- Policy and politics in the community. |
| 700 ## - ADDED ENTRY--PERSONAL NAME | |
| Personal name | Leavitt, Judith |
| 700 ## - ADDED ENTRY--PERSONAL NAME | |
| Personal name | Chaffee, Mary W. |
| 942 ## - ADDED ENTRY ELEMENTS (KOHA) | |
| Source of classification or shelving scheme | Library of Congress Classification |
| Koha item type | Books |
| Withdrawn status | Lost status | Source of classification or shelving scheme | Damaged status | Not for loan | Home library | Current library | Shelving location | Date acquired | Total Checkouts | Full call number | Barcode | Date last seen | Copy number | Price effective from | Koha item type |
|---|---|---|---|---|---|---|---|---|---|---|---|---|---|---|---|
| Library of Congress Classification | WISCONSIN INTERNATIONAL UNIVERSITY COLLEGE, GHANA - MAIN LIBRARY | WISCONSIN INTERNATIONAL UNIVERSITY COLLEGE, GHANA - MAIN LIBRARY | nursing | 29/07/2019 | RT86.5.P58 | NURS/619/281/19 | 29/07/2019 | 1 | 29/07/2019 | Books |
